Aasian 10 itäisintä valtiota - Statistics

Yleistilastot
  • Tätä visaa on pelattu 1 704 kertaa
  • Keskiarvotulos 9 / 10
Vastaustilastot
Pituuspiiri Valtio % Oikein
153°59'E Japani
99%
134°46'E Kiina
96%
130°56'E Etelä-Korea
95%
130°40'E Pohjois-Korea
95%
180°00'E Venäjä
91%
141°05'E Indonesia
90%
126°34'E Filippiinit
88%
122°06'E Taiwan
84%
119°56'E Mongolia
74%
127°19'E Itä-Timor
70%
Ehtoja vastaavia visoja ei löytynyt
Tulosjakauma
Jokaisen tuloksen saaneiden osuus
Persentiili vastausten määrän mukaan
Tuloshistoriasi
Et ole pelannut tätä visaa